000 00449nam a2200181Ia 4500
001 16311
005 20260306170300.0
008 260306t2011||||xx |||||||||||||| ||und||
041 _aESP
082 _a348
_bP86
100 _aPriori Posada, Giovanni F.
_eAUT
245 0 _aComentarios a la nueva ley procesal del trabajo
260 _c2011
300 _a341 páginas :
_c24 cm.
650 _aGEN
654 _aCDE
942 _cLIB
_dJUS
_fJUS
_2ddc
_n
999 _c16311
_d16311